000 03483nkm0a2200529 4500
001 RU\NLR\BIBL_A\022417461
005 20260407193058.0
035 _a(NLR Aleph) 022417461
090 _a13337284
_c13337284
100 _a20241219d1927 |||y0rusy50 ca
101 0 _arus
_afre
102 _aRU
116 _adiycxx zz ae
135 _acrcn 024anaba
181 0 _ab4
_bxb2e
182 0 _an
200 1 _aАлупка
_dAloupka
_eпочтовая карточка
_zfre
203 _aИзображение
_bнеподвижное
_bдвухмерное
_bвизуальное
_cнепосредственное
210 _aМосква
_cиздание "Гознак"
_d1927
215 _a1 л.
_cцв. фотомех. печ.
_d9,4х14,1
225 1 _aСерия "Крым"
_v№ 4
300 _aНа адрес. стороне также текст: "Парк б. Воронцовского дворца. Занимает 30 десятин. Создан садоводом Кебахом. Образец садового декоративного искусства. На втором плане скала Ай-Петри (в. 577 саженей или 1221 метр)"
300 _aЦенз. разрешение: Главлит № 83121
300 _aНа адрес. стороне гос. герб СССР
316 _aЭкз. РНБ на шифре Э ОТ63/А529, инв.030137 дефектный: обрезаны правый, верхний и нижний края
_5NLR: Э ОТ63/А529
325 _aКопия доступна в Электрон. б-ке РНБ
510 1 _aAloupka
_zfre
606 1 _aПочтовые открытки маркированные художественные
_yСССР
_z1917 - 1941
_92195712
_3RU\NLR\AUTH\6601555037
606 1 _aФотографические открытки
_92151039
_3RU\NLR\AUTH\661600135
606 1 _aПарки
_jОткрытки
_yКрым
_91459612
_3RU\NLR\AUTH\66619143
607 _aАлупка, город (Крым)
_jОткрытки
_9935819
_3RU\NLR\AUTH\6626796
607 _aАй-Петри, горный массив
_jОткрытки
_9921390
_3RU\NLR\AUTH\6618914
610 1 _aВидовые открытки
617 _aСССР
_bРСФСР
_bКрымская АССР
_cЯлтинский район
_dАлупка, курорт
_eВоронцовский дворец
_eПарк
617 _mКрым, полуостров
686 0 _aЩ153(2)7-489
712 0 2 _4650
_4610
_a"Гознак", объединение
_cМосква
_3RU\NLR\AUTH\8810126774
_9750850
830 _a"Согласно Списку населённых пунктов Крымской АССР по Всесоюзной переписи 17 декабря 1926 года, на курорте Алупка, центре Алупкинского сельсовета Ялтинского района ...": https://ru.wikipedia.org/wiki/Алупка (19.12.2024). АЯ ОЭФ
852 0 0 _aNLR
_bЭ
_jОТ63/А529
_mинв.030137
901 _eИзографические материалы
942 _cVISUAL
980 _aNB
981 4 8 _a(48) Крым: история в документах
981 1 7 _a(17) Изографические материалы
_b(17) Открытки